000 00910nam a2200169 a 4500
001 000041733
005 20201002035726.0
008 131016s2004 sp 000 0 spa d
040 _aDO-SdBNP
_bspa
_cBNPHU
100 1 _aAzcárraga Servet, María Josefa
_968574
245 1 3 _aLa Masoras :
_bdel libro de Levítico :
_bcídice MI de la Universidad Computense de Madrid /
_cMaría Josefa Azcárraga Servet.
260 _aMadrid :
_bInstituto de Filología del CSIC, Departamento de Filología Bíblica y de Oriente Antiguo,
_c2004.
300 _av.
_a27 cm.
490 1 _aTextos y estudios "Cardenal Cisneros" de la biblía políglota matritense ;
_v74
710 2 _aInstituto de Filología (Consejo Superior de Investigaciones Científicas (España) Departamento de Filología Bíblica y de Oriente Antiguo,
_968575
830 0 _aTextos y estudios "Cardenal Cisneros" de la biblía políglota matritense ;
_v74
_915280
999 _c41222
_d41222